000 00690nam a2200181 i 4500
001 41695
003 ES-MaACL
005 20230915210256.0
007 t|
008 030311s1854 sp ||||1| spa d
100 1 _aCastellanos de Losada, Basilio Sebastián,
_d1807-1891
_936540
245 1 0 _aDiscursos histórico-arqueológicos sobre el origen y decandencia de la música y baile español /
_cBasilio Sebastián Castellanos de Losada.
260 _aMadrid :
_b[s.n.,
_c1854]
530 _aDisponible en formato digital.
852 _aES-MaACL
_jT-328-F-1
856 _uhttps://archive.org/details/discursoshistri00azargoog/page/n4
_zInternet Archive
999 _c41695
_d41695